000 00649nam a2200229 i 4500
001 92624
003 ES-MaACL
005 20250901063120.0
007 t|
008 050407s2004 sp a |||| | spa d
020 _a84-01-37895-8
080 _a821.134.2-94"19"
080 _a903(460.182)
100 _aArsuaga, Juan Luis,
_d1954-
_9241757
245 1 3 _aEl mundo de Atapuerca /
_cJuan Luis Arsuaga.
250 _a1ª ed.
260 _aBarcelona :
_bPlaza & Janés,
_c2004.
300 _a280 p. :
_bil. col. ;
_c24 cm.
651 4 _aAtapuerca (Burgos, Yacimiento)
_9167383
852 _aES-MaACL
_jL-29042
999 _c92624
_d92624